| 000 | 00720nam a2200253Ia 4500 | ||
|---|---|---|---|
| 003 | OSt | ||
| 005 | 20220918110025.0 | ||
| 006 | a|||||r|||| 00| 0 | ||
| 007 | ta | ||
| 008 | 220915b |||||||| |||| 00| 0 eng d | ||
| 024 | _a226536 | ||
| 037 | _cReference Collections | ||
| 040 |
_aARTS _cARTS _beng |
||
| 041 |
_2eng _aeng |
||
| 082 | _aa14v, P2(RR) | ||
| 100 |
_aFinkelstein David Ed. _95359 |
||
| 245 | 0 | _aBook history reader | |
| 260 |
_aLondon _bRoutledge UK _c2002 |
||
| 300 | _ax, 390 p | ||
| 650 | _aBIBLIOGRAPHY | ||
| 700 |
_a McCleery Alistair Ed. _95360 |
||
| 942 |
_ha14v, P2(RR) _cREF |
||
| 999 |
_c110753 _d110753 |
||